000 00714nam a2200229 a 4500
001 BRCA_8096
005 20190320210129.0
008 070414s1964----gw-a###f##---#001-0#ger-#
041 _ager
044 _agw
050 4 _aNK7230
_b.B78 2
_c1964
100 1 _aBrunner, Herbert
_920138
245 1 0 _aAltes Tafelsilber
_bein brevier für sammler und liebhaber
_cHerber Brunner.
260 _aMunchen
_bF. Bruckmann
_c1964
300 _a223 p.
_bil. (algunas a color) 261 láminas
_c25 cm.
500 _aY139
500 _aLibro igual a Y130
650 1 4 _aPlatería antigua
_vCatálogos
_zEuropa
_920139
650 1 4 _aPlatería antigua
_vColeccionistas y colecciones
_zEuropa
_920140
902 _aGFM
942 _2lcc
_cB
999 _c7764
_d7764